000 00749nam a2200229 a 4500
001 47902
003 BD-RjUL
005 20211209054423.0
008 160810s2005 bg ||||| |||| 00| 0 ben d
020 _c: Tk.60.00
035 _a(BD-RjUL)48021
040 _aBD-RjUL
_bben
_cBD-RjUL
_dBD-RjUL
041 _aben
082 _223
_a891.443
_bHAA 2005
100 _aহক, ফজলুল
_9145385
245 1 0 _aঅসুখের মানচিত্র /
_cফজলুল হক
260 _aরাজশাহী :
_bস্বাগতম নস্কার,
_c২০০৫.
300 _a৬৪ পৃ. ;
_c২৪ সেমি.
650 _aবাংলা উপন্যাস
_9145386
650 _aBengali Novel
_9119335
942 _2ddc
_cBK
999 _c47902
_d47902